FIFA World Cup 2026 - Ghana Squad - Statistics

General Stats
  • This quiz has been taken 4 times
  • The average score is 10 of 27
Answer Stats
Team # Position Club/Country Player % Correct
Ghana 11 RW Manchester City Antoine Semenyo
100%
Ghana 19 RW Athletic Bilbao Iñaki Williams
100%
Ghana 9 ST Leicester City Jordan Ayew
100%
Ghana 24 RW Olympique Lyon Ernest Nuamah
75%
Ghana 5 DM Villareal CF Thomas Partey
75%
Ghana 7 RW Leicester City Abdul Fatawu
50%
Ghana 6 CB Rayo Vallecano Abdul Mumin
50%
Ghana 17 LB PAOK Thessaloniki Abdul Rahman Baba
50%
Ghana 23 CB Pafos FC Derrick Luckassen
50%
Ghana 14 LB AJ Auxerre Gideon Mensah
50%
Ghana 22 LW Atalanta BC Kamaldeen Sulemana
50%
Ghana 1 GK FC St. Gallen 1879 Lawrence Ati Zigi
50%
Ghana 2 CB Stade Rennais FC Alidu Seidu
25%
Ghana 10 ST Coventry City Brandon Thomas-Asante
25%
Ghana Manager Portugal Carlos Queiroz
25%
Ghana 15 DM AJ Auxerre Elisha Owusu
25%
Ghana 8 CM Real Oviedo Kwasi Sibo
25%
Ghana 25 ST FC Viktoria Plzen Prince Adu
25%
Ghana 20 AM AS Saint-Étienne Augustine Boakye
0%
Ghana 16 GK Hearts of Oak Benjamin Asare
0%
Ghana 3 CM FC Nordsjaelland Caleb Yirenkyi
0%
Ghana 13 LW Al-Qadsiah FC Christopher Bonsu Baah
0%
Ghana 18 CB Basaksehir FK Jerome Opoku
0%
Ghana 4 CB VfL Wolfsburg Jonas Adjetey
0%
Ghana 12 GK St. Patrick's Athletic Joseph Anang
0%
Ghana 21 CB OGC Nice Kojo Peprah Oppong
0%
Ghana 26 RB AJ Auxerre Marvin Senaya
0%
No matching quizzes found
Score Distribution
Percent of People with Each Score
Percentile by Number Answered
Your Score History
You have not taken this quiz